000 00893cam a2200265 a 4500
001 4413
003 BD-RjUL
005 20211208233904.0
008 131222s2004 bg b 001 0 eng
020 _a9843216032
035 _a(BD-RjUL)4448
040 _aANL
_beng
_dANL
_dBD-RjUL
_cBD-RjUL
041 _aeng
082 0 4 _a347.5492014
_222
_bAKI 2004
100 1 _aAkkas, Sarkar Ali
_913955
245 1 0 _aIndependence and accountability of judiciary :
_ba critical review /
_cSarkar Ali Akkas.
260 _aDhaka :
_bCentre for Rights and Governance,
_cc2004.
300 _axiv, 314 p. ;
_c25 cm.
504 _aIncludes bibliographical references (p. [303]-311) and index.
650 0 _aJudges
_zBangladesh
_913956
650 0 _aJudicial independence
_zBangladesh
_913957
650 0 _aSeparation of powers
_zBangladesh
_913958
650 0 _aJudicial power
_zBangladesh
_913959
942 _2ddc
_cBK
999 _c4413
_d4413